Las Quinas : Un nuevo sitio de la Cultura de La Aguada en San Juan /

Se presentan los resultados del estudio del alero Las Quinas, ubicado en el valle de Iglesia (San Juan, Argentina), los cuales confirman los rasgos culturales que se habían definido para la etapa de influencia de la Cultura de La Aguada en los valles preandinos de Iglesia y Calingasta en cuanto a ti...

Full description

Bibliographic Details
Main Author: Gambier, Mariano
Format: Analitica de revista
Language:Spanish
Published: San Pedro de Atacama Universidad Católica del Norte 2002
Subjects:

MARC

LEADER 00000cab a2200000 a 4500
001 031558
003 UAHC_CL
005 20170803123354.0
008 050422b xx j 000 1 spa
040 |a UAHC_CL  |c UAHC_CL  |d UAHC_CL 
100 1 |a Gambier, Mariano 
245 1 4 |a Las Quinas :  |b Un nuevo sitio de la Cultura de La Aguada en San Juan /  |c Mariano Gambier. 
260 |b Universidad Católica del Norte  |a San Pedro de Atacama  |c 2002 
500 |a En: Estud. atacam., 2002, no.24, p.83-88. ISSN 0718-1043. 
520 |a Se presentan los resultados del estudio del alero Las Quinas, ubicado en el valle de Iglesia (San Juan, Argentina), los cuales confirman los rasgos culturales que se habían definido para la etapa de influencia de la Cultura de La Aguada en los valles preandinos de Iglesia y Calingasta en cuanto a tipo de instalación, cultígenos, elementos de recolección, cerámica y textilería. La datación por radiocarbono señaló gran coherencia con las fechas obtenidas con anterioridad para sitios similares. 
520 |a Se presentan los resultados del estudio del alero Las Quinas, ubicado en el valle de Iglesia (San Juan, Argentina), los cuales confirman los rasgos culturales que se habían definido para la etapa de influencia de la Cultura de La Aguada en los valles preandinos de Iglesia y Calingasta en cuanto a tipo de instalación, cultígenos, elementos de recolección, cerámica y textilería. La datación por radiocarbono señaló gran coherencia con las fechas obtenidas con anterioridad para sitios similares. 
650 4 |a CULTURA AGUADA 
759 |a PP063 
773 0 |t Estudios Atacameños.  |w 031462 
900 |a ESTUD. ATACAMEÑOS-24/02 
942 |c REVA 
952 |0 0  |1 0  |4 0  |6 ESTUD___ATACAMEÑOS24_02_000000000000000  |7 0  |8 General  |9 61635  |a BC  |b BC  |c General  |d 2017-08-03  |l 0  |o ESTUD. ATACAMEÑOS-24/02  |p FICTICIO2416  |r 2019-01-08 00:00:00  |t 1  |w 2017-08-03  |y REVA 
999 |c 31558  |d 31558